Termodinamika i statističeskaja fizika : Teorija ravnovesnych sistem /

Salvato in:
Dettagli Bibliografici
Autori principali: Bazarov, Ivan Pavlovič (Autore), Gevorkjan, Edvard Vigenovič (Autore), Nikolajev, Pavel Nikolajevič (Autore)
Natura: Libro
Lingua:russo
Pubblicazione: Moskva : Izdateľstvo Moskovskogo universiteta, 1986
Tags: Aggiungi Tag
Nessun Tag, puoi essere il primo ad aggiungerne!!

MARC

LEADER 00000nam a22000003a 4500
001 stu19607
005 20150617225754.1
008 ------s1986----xxr-----------------rus-d
040 |a STU  |b slo 
041 0 |a rus 
044 |a xxr 
080 |a 536.7  |7 A000000260 
100 1 |a Bazarov, Ivan Pavlovič  |4 aut 
245 1 |a Termodinamika i statističeskaja fizika :  |b Teorija ravnovesnych sistem /  |c [aut.]Bazarov,Ivan Pavlovič, Gevorkjan,Edvard Vigenovič, Nikolajev,Pavel Nikolajevič 
260 |a Moskva :  |b Izdateľstvo Moskovskogo universiteta,  |c 1986 
300 |a 309 s :  |b Grafy,index 
700 1 |a Gevorkjan, Edvard Vigenovič  |4 aut 
700 1 |a Nikolajev, Pavel Nikolajevič  |4 aut 
996 |b C78005  |c C*78005  |l CCV  |s P  |a 0  |w stu19607_0001